000 01112nam a22002655i 4500
001 165909
003 ES-MaACL
005 20230906213228.0
008 990322s1776 ne |||| | fre d
040 _aCCPB | B
_bspa
_cCCPB | B
245 0 0 _aSupplement à l'Encyclopédie ou Dictionnaire Raisonné des Sciences, des Arts et des Métiers /
_cpar une Société de Gens de Lettres ; Mis en ordre et publié par M*** ... ; Tome Premier.
260 _aA Amsterdam :
_bChez M. M. Rey, Libraire,
_c1776.
300 _aIV, 926 p. ;
_cFol.
597 1 _aSign.: []\p2\s, a\p2\s, A-Z\p4\s, 2A-2Z\p4\s, 3A-3Z\p4\s, 5A-5Z\p4\s, 6A\p3\s.
597 1 _aAntep.
597 1 _aPort. con grab. xil.
597 1 _aTexto a dos col.
650 _aEnciclopedias.
_912235
700 1 1 _aM***,
_eed. lit.
_9224278
700 1 1 _aRey, Marc-Michel,
_eimp.
_9131749
740 0 _aDictionnaire raisonné des sciences, des arts et des métiers.
752 _aHolanda -
_dAmsterdam
852 _aES-MaACL
_jR-2140
_z-- Enc. pasta con hierros dorados
_z-- Ex-libris del duque de Hyjar
_d-- Olim: C- 10435
999 _c165909
_d165909